000 00493nam a2200121Ia 4500
008 171212s9999 xx 000 0 und d
020 _a9780731537631
245 _ceditor Garnaut, Ross;Song, Ligang
_aThe Turning Point in China's Economic Development
260 _bANU E Press
_c2006
650 _aIndustrialization -- China; China -- Economic policy; China -- Economic conditions; China -- Commercial policy
650 _aPolitical Science
856 _uwww.jstor.org/stable/10.2307/j.ctt2jbj5d
999 _c351393
_d351393